| Tag |
First Indicator |
Second Indicator |
Subfields |
| LEADER |
00000cam a2200000Ia 4500 |
| 001 |
in00002062621 |
| 005 |
20211202203608.0 |
| 006 |
m d f |
| 007 |
co mg||||||||| |
| 008 |
050714s2004 vauab sbt f000 0 eng d |
| 020 |
|
|
|a 0607957522
|
| 035 |
|
|
|a (OCoLC)ocm59133554
|
| 040 |
|
|
|a GIS
|c GIS
|d OCL
|d GPO
|d MvI
|d UtOrBLW
|
| 043 |
|
|
|a n-us-nv
|
| 049 |
|
|
|a UDOC
|
| 049 |
|
|
|a WWW
|
| 074 |
|
|
|a 0624
|
| 074 |
|
|
|a 0624 (online)
|
| 086 |
0 |
|
|a I 19.16:1689/CD
|
| 245 |
0 |
0 |
|a Quaternary paleoseismology and stratigraphy of the Yucca Mountain area, Nevada /
|c William R. Keefer, John W. Whitney and Emily M. Taylor, editors ; prepared in cooperation with the U.S. Department of Energy, Nevada Operations Office.
|
| 246 |
1 |
8 |
|a Quaternary paleoseismology, stratigraphy, Yucca Mtn. area, Nev.
|
| 264 |
|
1 |
|a Reston, Va. :
|b U.S. Dept. of the Interior, U.S. Geological Survey ;
|c 2004.
|
| 264 |
|
2 |
|a Denver CO :
|b Information Services [distributor],
|
| 300 |
|
|
|a 1 CD-ROM :
|b illustrations (some color), maps (some color) ;
|c 4 3/4 in.
|
| 336 |
|
|
|a text
|b txt
|2 rdacontent
|
| 337 |
|
|
|a computer
|b c
|2 rdamedia
|
| 338 |
|
|
|a computer disc
|b cd
|2 rdacarrier
|
| 490 |
1 |
|
|a Professional paper ;
|v 1689
|
| 500 |
|
|
|a Shipping List Date: 07/11/2005
|
| 538 |
|
|
|a System requirements: IBM-compatible pc with Windows 95 or higher or NT 4.0 or higher with Intel Pentium or equivalent processor. Macintosh with PowerPC processor.
|
| 500 |
|
|
|a Title from pdf title screen.
|
| 500 |
|
|
|a Shipping list number: 2005-0019-E.
|
| 504 |
|
|
|a Includes bibliographical references.
|
| 536 |
|
|
|a Interagency agreement
|d DE-AI08-97NV12033
|
| 530 |
|
|
|a Also available on the Internet from USGS web site. Address as of 9/12/05: http://pubs.usgs.gov/pp/pp1689/; current access available via PURL.
|
| 500 |
|
|
|a Electronic resource.
|
| 650 |
|
0 |
|a Geology
|z Nevada
|z Yucca Mountain Region.
|
| 650 |
|
0 |
|a Geology, Stratigraphic
|y Quaternary.
|
| 650 |
|
0 |
|a Paleoseismology
|z Nevada
|z Yucca Mountain Region.
|
| 650 |
|
0 |
|a Paleoseismology
|y Quaternary.
|
| 700 |
1 |
|
|a Keefer, William R.,
|d 1924-
|e editor.
|
| 700 |
1 |
|
|a Whitney, John W.,
|e editor.
|
| 700 |
1 |
|
|a Taylor, Emily M.,
|e editor.
|
| 710 |
1 |
|
|a United States.
|b Department of Energy.
|b Nevada Operations Office.
|
| 830 |
|
0 |
|a Professional paper (Geological Survey (U.S.)) ;
|v no. 1689.
|
| 856 |
4 |
1 |
|u https://purl.fdlp.gov/GPO/LPS63883
|t 0
|
| 999 |
|
|
|a MARS
|
| 999 |
f |
f |
|s 2ec7b637-7037-349d-9418-07aee6367cba
|i 063d2e62-2468-32e8-bfa8-9c5f9f53ee51
|t 0
|
| 952 |
f |
f |
|p normal
|a Texas A&M University
|b College Station
|c Sterling C. Evans Library
|d Evans: US Documents CD-ROMs (Annex 5th floor)
|t 0
|e I 19.16:1689/CD
|h Superintendent of Documents classification
|i computer -- computer disc
|m A14832920089
|
| 952 |
f |
f |
|a Texas A&M University
|b College Station
|c Electronic Resources
|d Available Online
|t 0
|e I 19.16:1689/CD
|h Superintendent of Documents classification
|
| 998 |
f |
f |
|a I 19.16:1689/CD
|t 0
|l Available Online
|
| 998 |
f |
f |
|a I 19.16:1689/CD
|t 0
|l Evans: US Documents CD-ROMs (Annex 5th floor)
|